| 000 | 01010nam a22001937a 4500 | ||
|---|---|---|---|
| 003 | BD-RjUL | ||
| 005 | 20260503141204.0 | ||
| 008 | 260503s1954 pk ||||| |||| 00| 0 urd d | ||
| 035 | _a(BD-RjUL) | ||
| 040 |
_aBD-RjUL _beng _cBD-RjUL |
||
| 041 | _aurd | ||
| 082 |
_223 _a891.439054 _bAZM 1954 |
||
| 100 |
_a عظيم، سيّد اقبال،, , ʻAẓīm., Sayyid Iqbāl _d1913-2000 _918307 |
||
| 245 |
_aمشرقى بنگال ميں اردو : ىعنى مشرقى پاکستان کے قدىم و جدىد دو سو اكىس اهل قلم کا تزکره اور ىهاں کے لسانى مسائل کا سىر حاصل جائزه / Mashriqī Bangāl men̲ Urdū : yaʻnī Mashriqī Pākistān ke qadīm va jadīd dū sav ikkīs ahl-i qlam kā tazkarah aūr yahān̲ ke lisānī masāʼil kā saīr ḥāṣil jāʼizah / _c سيد اقبال عظىم.,, / Sayyid Iqbāl ʻAz̤īm |
||
| 260 |
_aDhaka : _c1954 |
||
| 300 |
_a476 p. ; _c21 cm |
||
| 650 |
_aUrdu Literature _zBengal _918308 |
||
| 942 |
_2ddc _cBK |
||
| 999 |
_c86417 _d86417 |
||